| Record ID | marc_records_scriblio_net/part12.dat:67264303:1236 |
| Source | Scriblio |
| Download Link | /show-records/marc_records_scriblio_net/part12.dat:67264303:1236?format=raw |
LEADER: 01236cam 2200289 i 4500
001 80024681
003 DLC
005 20030909190009.0
008 800930m19811984ctu b 000 0 eng
010 $a 80024681
020 $a0313213402 (lib. bdg. : v. 1)
020 $a0313231443 (lib. bdg. : v. 2)
020 $a0313242291 (lib. bdg. : v. 4)
040 $aDLC$cDLC$dDLC
043 $an-us---
050 00 $aML128.B45$bD44
082 00 $a016.7817/296073$219
100 1 $aDe Lerma, Dominique-René.
245 10 $aBibliography of Black music /$cDominique-René de Lerma ; foreword by Jessie Carney Smith.
260 $aWestport, Conn. :$bGreenwood Press,$c1981-1984.
300 $a4 v. ;$c29 cm.
440 4 $aThe Greenwood encyclopedia of Black music$x0272-0264
500 $aVol. 2: Foreword by Georgia Ryder; v. 3: Foreword by Samuel A. Floyd, Jr. ; v. 4: Foreword by Geneva H. Southall.
505 0 $av. 1. Reference materials.--v. 2. Afro-American idioms.--v. 3. Geographical studies.--v. 4. Theory, education, and related studies.
650 0 $aBlacks$xMusic$xHistory and criticism$vBibliography.
650 0 $aAfrican Americans$xMusic$xHistory and criticism$vBibliography.
650 0 $aMusic$xHistory and criticism$vBibliography.